• 首页
  • 本馆介绍
  • 公告通知
  • 最新文献
  • 馆藏检索
  • 电子资源
  • 读者导购
  • 参考咨询
  • 我的图书馆
  • 登录
  • 详细信息显示
  • 放入我的书架
  • 预约/预借图书
  • 作者相关作品
  • 分类相关作品
  • 丛书相关作品
  • 出版社相关作品

书目信息

  • 表格格式
  • 工作单格式
  • 卡片格式
题名:
义务教育生物学课程标准(2011年版)解读
    
 
作者: 王恩山 汪忠 主编
分册:  
出版信息: 北京   北京师范大学出版社  2015.07
页数: 152页
开本: 26cm
丛书名: 义务教育物理课程标准解读丛书
单 册:
中图分类: G633.913
科图分类:
主题词: 教育
电子资源:
ISBN: 978-7-303-13879-1
000 00793nam0 2200241 450
001 719
005 20160908095509.70
010    @a978-7-303-13879-1@b平@dCNY20.00
100    @a20121221d2015 em y0chia0110 ea
101    @achi
102    @aCN@b110000
105    @ay z 000yy
200 1  @a义务教育生物学课程标准(2011年版)解读@9yi wu jiao yu sheng wu xue ke cheng biao zhun (2011nian ban )jie du@f[中国]王恩山 汪忠主编
205    @a1版
210    @a北京@c北京师范大学出版社@d2015.07
215    @a152页@d26cm
225 2  @a义务教育物理课程标准解读丛书
461  0 @12001@@a义务教育物理课程标准解读丛书
606    @a教育
690    @aG633.913@v4
701    @a王恩山 汪忠@9wang en shan wang zhong@c中国@4主编
801  0 @aCN@b唐山师范学院图书馆@c20160723
905    @aZUCC@dG633.913@e113
    
    义务教育生物学课程标准(2011年版)解读/[中国]王恩山 汪忠主编.-1版.-北京:北京师范大学出版社,2015.07
    152页;26cm.-(义务教育物理课程标准解读丛书)
    
    
    ISBN 978-7-303-13879-1(平):CNY20.00
    
●
相关链接 在E读中查询图书 在五车中查询图书 在当当中查询图书 在豆瓣中查询图书


正题名:义务教育生物学课程标准(2011年版)解读     索取号:G633.913/113         预约/预借

序号 登录号 条形码 馆藏地/架位号 状态 备注
1 903143   209031439   第一样本阅览室/ [索取号:G633.913/113] 在馆    
2 903144   209031448   第四借阅区/ [索取号:G633.913/113] 在馆    
3 903145   209031457   第四借阅区/ [索取号:G633.913/113] 在馆    
4 903146   209031466   第四借阅区/ [索取号:G633.913/113] 在馆    
唐山师范学院图书馆 欢迎您!
大连网信软件有限公司© 版权所有